30 Most Populous Cities in the World - Statistics

General Stats
  • This quiz has been taken 59 times
  • The average score is 26 of 30
Answer Stats
Population Country City % Correct
18,771,769 Egypt Cairo
100%
18,593,220 United States New York
100%
38,001,000 Japan Tokyo
100%
25,703,168 India Delhi
98%
14,163,989 Turkey Istanbul
98%
12,902,306 Brazil Rio de Janeiro
98%
10,313,307 United Kingdom London
96%
12,309,530 United States Los Angeles
96%
20,998,543 Mexico Mexico City
96%
20,383,994 China Beijing
94%
21,042,538 India Mumbai
94%
15,180,176 Argentina Buenos Aires
92%
9,897,033 Peru Lima
92%
12,165,704 Russia Moscow
92%
20,237,645 Japan Osaka
92%
10,843,285 France Paris
92%
21,066,245 Brazil Sao Paulo
92%
23,740,778 China Shanghai
92%
17,598,228 Bangladesh Dhaka
87%
10,323,142 Indonesia Jakarta
87%
13,122,829 Nigeria Lagos
87%
12,946,263 Philippines Manila
85%
12,458,130 China Guangzhou
83%
11,586,914 Democratic Republic of the Congo Kinshasa
83%
14,864,919 India Kolkata
81%
16,617,644 Pakistan Karachi
79%
10,087,132 India Bangalore
71%
11,210,329 China Tianjin
63%
10,749,473 China Shenzhen
50%
13,331,579 China Chongqing
46%
No matching quizzes found
Score Distribution
Percent of People with Each Score
Percentile by Number Answered
Your Score History
You have not taken this quiz